000 00354nam a2200145 a 4500
001 3754
003 CDMR
005 20130116135248.0
008 130130s1961||||||||||||||||||||||||||||d
040 _aCDMR
_bcat
_cCDMR
100 1 _aArtells, Eduard
_92667
245 1 0 _aVocabulari catalĂ -castellĂ  abreujat
260 _aBarcelona
_c1961
_bBarcino
942 _cMON
999 _c3754
_d3754